00519nam a2200145Ia 4500008004100000100003800041245007700079245008000156260005900236260000900295300001000304650001800314650001500332856002600347170221s9999 xx 000 0 und d aMohamad Yusrizal B Mohamed Yusoff aKM Practice in Malaysia Community College: KMS to Support KM Framework  cMohamad Yusrizal B Mohamed Yusoff Ahmad Kamil B Mahmood Jafreezal B. Jaafar bOnline Journal of Communication and Media Technologies c2012 a2 : 4 xCommunication xMedia Arts uhttp://www.ojcmt.net/